[Event "Ì13Ï "]
[Site "Loo"]
[Date "2017.04.20"]
[Round "1.10"]
[White "Ãàáèòîâ, Áóëàò."]
[Black "Ñîèí, Íèêèòà."]
[Result "1-0"]
[WhiteElo "1790"]
[BlackElo "1491"]
[PlyCount "63"]
[EventDate "2017.04.20"]

1. d4 Nf6 2. c4 c5 3. d5 e5 4. Nc3 d6 5. e4 Be7 6. Bd3 O-O 7. Nge2 Ne8 8. O-O
Na6 9. a3 Nec7 10. Re1 Bd7 11. b4 Ne8 12. Kh1 Bf6 13. f4 g6 14. Be3 Qc7 15. Qd2
Ng7 16. Rec1 b6 17. Ng3 Rfc8 18. f5 Qd8 19. Rf1 Be7 20. f6 Bxf6 21. Rxf6 Qc7
22. b5 Nb8 23. Bh6 Rd8 24. Qg5 Bc8 25. Raf1 Re8 26. Nce2 Qe7 27. a4 Nd7 28.
Bxg7 Qd8 29. Qh6 Re7 30. Bf8 Qxf8 31. Qxf8+ Nxf8 32. Rxd6 1-0

[Event "Ì13Ï "]
[Site "Loo"]
[Date "2017.04.20"]
[Round "1.11"]
[White "Ñìèðíîâ, ßðîñëàâ."]
[Black "Âàñèëüåâ, Èëüÿ."]
[Result "0-1"]
[WhiteElo "1488"]
[BlackElo "1779"]
[PlyCount "58"]
[EventDate "2017.04.20"]

1. d4 Nf6 2. c4 e6 3. Nf3 b6 4. Nc3 Bb7 5. e3 Bb4 6. Be2 Ne4 7. Bd2 Bxc3 8.
Bxc3 O-O 9. O-O d6 10. Qc2 Nd7 11. b3 Nxc3 12. Qxc3 f5 13. Qb2 g5 14. Nd2 Qf6
15. Bf3 Bxf3 16. Nxf3 Qg6 17. Rae1 Rf6 18. Qb1 Qh5 19. Qd1 g4 20. Nd2 Rh6 21.
h3 Qh4 22. Nf3 gxf3 23. Qxf3 Qe4 24. Qxe4 fxe4 25. f3 exf3 26. Rxf3 Rf8 27.
Rxf8+ Kxf8 28. Kf2 d5 29. Kf3 Ke7 {äàëåå çàïèñü íåðàçáîð~~èâà} 0-1

[Event "Ì13Ï "]
[Site "Loo"]
[Date "2017.04.20"]
[Round "1.12"]
[White "Òðóõèí, Äìèòðèé."]
[Black "Ðîãèíñêèé, Ðîäèîí."]
[Result "1-0"]
[WhiteElo "1773"]
[BlackElo "1485"]
[PlyCount "45"]
[EventDate "2017.04.20"]

1. d4 Nf6 2. c4 g6 3. Nc3 d5 4. cxd5 Nxd5 5. e4 Nxc3 6. bxc3 Bg7 7. Nf3 c5 8.
Be3 Qa5 9. Qd2 Nc6 10. Rc1 cxd4 11. cxd4 Qxd2+ 12. Kxd2 O-O 13. Bb5 Nd8 14.
Rhd1 a6 15. Be2 Nc6 16. Ke1 Rd8 17. d5 Ne5 18. Nxe5 Bxe5 19. f4 Bg7 20. e5 e6
21. d6 Bd7 22. Rc7 b5 23. Bf3 1-0

[Event "Ì13Ï "]
[Site "Loo"]
[Date "2017.04.20"]
[Round "1.13"]
[White "Ãóñåâ, Àëåêñàíäð."]
[Black "Ñàáèðîâ, Òèìóð."]
[Result "1/2-1/2"]
[WhiteElo "1482"]
[BlackElo "1757"]
[PlyCount "94"]
[EventDate "2017.04.20"]

1. e4 c5 2. Nc3 e6 3. d3 a6 4. g3 Nc6 5. Bg2 g6 6. Be3 d6 7. Nge2 Bg7 8. O-O
Nge7 9. f4 O-O 10. Qd2 Nd4 11. Nd1 Nxe2+ 12. Qxe2 Rb8 13. Rb1 Qa5 14. Ra1 d5
15. Qd2 Qc7 16. c3 dxe4 17. dxe4 Rd8 18. Qc2 Bd7 19. Nf2 c4 20. Rfd1 Bc6 21. a3
b5 22. Rxd8+ Rxd8 23. Rd1 f5 24. Rxd8+ Qxd8 25. Qd2 Qc7 26. Bd4 e5 27. Be3 exf4
28. Bxf4 Qb7 29. Qd8+ Kf7 30. Qc7 fxe4 31. Qxb7 Bxb7 32. Nxe4 Bxe4 33. Bxe4 a5
34. Bc7 a4 35. Bd6 Nc8 36. Bc5 Bf8 37. Bd5+ Kg7 38. Bd4+ Kh6 39. Bc6 Nd6 40.
Bc5 Be7 41. Bxd6 Bxd6 42. Bxb5 Bc5+ 43. Kg2 Be3 44. Bxc4 Bc1 45. b4 Bxa3 46.
Bb5 Bb2 47. Bxa4 Bxc3 1/2-1/2

[Event "Ì13Ï "]
[Site "Loo"]
[Date "2017.04.20"]
[Round "1.14"]
[White "Õàíæèí, Òèìóð."]
[Black "Ãîðÿ÷åâ, Âëàäèñëàâ."]
[Result "1-0"]
[WhiteElo "1751"]
[BlackElo "1479"]
[PlyCount "115"]
[EventDate "2017.04.20"]

1. c4 c5 2. Nc3 g6 3. Nf3 Bg7 4. d4 cxd4 5. Nxd4 Nc6 6. e3 Nf6 7. g3 d6 8. Bg2
Bd7 9. b3 O-O 10. Bb2 Rb8 11. O-O Re8 12. Qd2 a6 13. Nc2 Ne5 14. f4 Nc6 15. e4
Qc8 16. Rfe1 Nh5 17. Ne3 Bh3 18. Ncd5 Bxg2 19. Kxg2 e6 20. Bxg7 Kxg7 21. Nc3
Qc7 22. Rad1 Rbd8 23. f5 Nf6 24. g4 h6 25. h4 gxf5 26. exf5 Kh7 27. fxe6 fxe6
28. Qd3+ Kh8 29. Rf1 Qg7 30. Rf4 Ne5 31. Qe2 Rg8 32. Kh3 Nexg4 33. Nxg4 Nxg4
34. Ne4 Ne5 35. Rf6 Rdf8 36. Rdf1 Rxf6 37. Rxf6 Rf8 38. Rxf8+ Qxf8 39. Kg3 Nc6
40. Qd2 Qg7+ 41. Kh3 Ne5 42. Qf4 Nf7 43. Nxd6 Nxd6 44. Qxd6 Qc3+ 45. Kg4 Qg7+
46. Kf3 Qf6+ 47. Qf4 Qxf4+ 48. Kxf4 Kg7 49. Ke5 Kf7 50. h5 Ke7 51. b4 Kd7 52.
c5 Ke7 53. a4 Kd7 54. Kf6 a5 55. b5 e5 56. Kxe5 Ke7 57. Kf5 Kf7 58. c6 1-0

[Event "Ì13Ï "]
[Site "Loo"]
[Date "2017.04.20"]
[Round "1.15"]
[White "Ïëîòíèêîâ, Äàíèèë."]
[Black "Èîíî÷êèí, Ìàêñèì."]
[Result "1/2-1/2"]
[WhiteElo "1472"]
[BlackElo "1745"]
[PlyCount "104"]
[EventDate "2017.04.20"]

1. d4 d5 2. c4 e6 3. g3 Nf6 4. Bg2 c6 5. Nf3 Bd6 6. O-O O-O 7. Qc2 Nbd7 8. Nc3
Bb4 9. a3 Bxc3 10. bxc3 Ne4 11. Bf4 h6 12. cxd5 exd5 13. c4 Ndf6 14. cxd5 cxd5
15. Be5 Bf5 16. Bxf6 Qxf6 17. Qb3 Qd6 18. Rac1 b6 19. Qa4 Bd7 20. Qb3 Rac8 21.
Qb2 Qf6 22. Nd2 Rxc1 23. Qxc1 Qxd4 24. Nxe4 dxe4 25. Rd1 Qa4 26. Bxe4 Qxe4 27.
Rxd7 Qxe2 28. Rxa7 Rd8 29. Rd7 Re8 30. Rb7 Qa6 31. Rc7 Qa8 32. Qc6 Re1+ 33. Kg2
Qxa3 34. Qxb6 Qa8+ 35. Qb7 Qxb7+ 36. Rxb7 g6 37. h4 Ra1 38. Rb8+ Kg7 39. Rb6
Ra3 40. Rc6 Ra2 41. Rb6 Ra7 42. Rc6 f6 43. Rb6 f5 44. Rc6 Rf7 45. Rb6 Re7 46.
Rd6 Kf7 47. Kf3 Kg7 48. Rb6 Rf7 49. Kg2 f4 50. Rb3 h5 51. Rf3 fxg3 52. fxg3 Ra7
1/2-1/2

[Event "Ì13Ï "]
[Site "Loo"]
[Date "2017.04.20"]
[Round "1.16"]
[White "Øêóðàòîâ, Âëàäèìèð."]
[Black "Øèëÿåâ, Ìàðê."]
[Result "1-0"]
[WhiteElo "1739"]
[BlackElo "1469"]
[PlyCount "67"]
[EventDate "2017.04.20"]

1. e4 e5 2. Nf3 Nc6 3. Bb5 a6 4. Ba4 Nf6 5. O-O Be7 6. Re1 b5 7. Bb3 O-O 8. c3
d5 9. exd5 Nxd5 10. Nxe5 Nxe5 11. Rxe5 c6 12. d4 Bd6 13. Re1 Qh4 14. g3 Qh3 15.
Qf3 Bg4 16. Qg2 Qh5 17. Be3 Rae8 18. Nd2 Bh3 19. Qf3 Bg4 20. Qh1 Kh8 21. Bxd5
cxd5 22. f3 Bh3 23. f4 Re6 24. Qf3 Bg4 25. Qf2 Rfe8 26. Nb3 Rf6 27. Nc5 g5 28.
Nd3 Qg6 29. Qd2 gxf4 30. Bxf4 Rxe1+ 31. Rxe1 Bxf4 32. Nxf4 Qg5 33. Re8+ Kg7 34.
Ne6+ 1-0

[Event "Ì13Ï "]
[Site "Loo"]
[Date "2017.04.20"]
[Round "1.17"]
[White "Áóñûãèí, Êèðèëë."]
[Black "Ñîëîâüåâ, Âëàäèñëàâ."]
[Result "1-0"]
[WhiteElo "1468"]
[BlackElo "1730"]
[PlyCount "51"]
[EventDate "2017.04.20"]

1. d4 Nf6 2. Nf3 g6 3. Bf4 Bg7 4. h3 O-O 5. e3 b6 6. Be2 Bb7 7. O-O c5 8. c3 d6
9. Nbd2 Nc6 10. Qb3 e5 11. Bh2 e4 12. Ne1 Rc8 13. Nc2 d5 14. dxc5 Na5 15. Qa3
bxc5 16. Nb3 Nxb3 17. axb3 Qb6 18. b4 Ra8 19. bxc5 Qc6 20. Nd4 Qd7 21. Bb5 Qd8
22. c6 Bxc6 23. Bxc6 Rc8 24. Bb7 Qb6 25. Bxc8 Rxc8 26. Qb3 1-0

[Event "Ì13Ï "]
[Site "Loo"]
[Date "2017.04.20"]
[Round "1.18"]
[White "Øîøèí, Êèðèëë."]
[Black "Ñàðêèñÿí, Àðòåì."]
[Result "1-0"]
[WhiteElo "1729"]
[BlackElo "1467"]
[PlyCount "41"]
[EventDate "2017.04.20"]

1. d4 c6 2. Nf3 d5 3. c3 Nf6 4. Bg5 h6 5. Bh4 Bf5 6. e3 Nbd7 7. Bd3 Bxd3 8.
Qxd3 e6 9. Ne5 Be7 10. f4 Nxe5 11. fxe5 Ne4 12. Bxe7 Qxe7 13. O-O O-O 14. Nd2
Nxd2 15. Qxd2 c5 16. Rf3 Rac8 17. Raf1 cxd4 18. exd4 b5 19. Rg3 Kh8 20. Rf6 b4
21. Rxh6+ 1-0

[Event "Ì13Ï "]
[Site "Loo"]
[Date "2017.04.20"]
[Round "1.19"]
[White "Òîðîïîâ, Ëåâ."]
[Black "Ïðóöêîâ, Àëåêñåé."]
[Result "0-1"]
[WhiteElo "1460"]
[BlackElo "1727"]
[PlyCount "54"]
[EventDate "2017.04.20"]

1. e4 c5 2. Nf3 d6 3. d4 cxd4 4. Nxd4 Nf6 5. f3 a6 6. c4 e5 7. Nc2 Be6 8. Nc3
Nbd7 9. Bg5 h6 10. Bh4 Rc8 11. Ne3 Qb6 12. Qd2 Be7 13. Bf2 Qd8 14. Be2 O-O 15.
O-O Nb6 16. b3 Nfd7 17. Ned5 Bg5 18. Qd1 f5 19. g3 fxe4 20. fxe4 Nxd5 21. Nxd5
Nc5 22. Nc3 Bh3 23. Bxc5 Bxf1 24. Qd5+ Kh8 25. Bxd6 Be3+ 26. Kh1 Bxe2 27. Qxe5
Bf3# 0-1

[Event "Ì13Ï "]
[Site "Loo"]
[Date "2017.04.20"]
[Round "1.20"]
[White "Ïåòðóøèí, Äìèòðèé."]
[Black "Ëîáîâ, Àëåêñàíäð."]
[Result "1-0"]
[WhiteElo "1721"]
[BlackElo "1447"]
[PlyCount "59"]
[EventDate "2017.04.20"]

1. e4 c5 2. Nc3 d6 3. g3 Nf6 4. h3 g6 5. Bg2 Bg7 6. d3 O-O 7. f4 Nc6 8. Nge2 a6
9. O-O h5 10. f5 Ne5 11. Nf4 Bd7 12. Ncd5 Nxd5 13. Nxd5 b5 14. Bg5 f6 15. Bf4
Be8 16. Bxe5 fxe5 17. Bf3 gxf5 18. exf5 Bc6 19. Nxe7+ Qxe7 20. Bxc6 Ra7 21.
Bd5+ Rf7 22. Qxh5 b4 23. f6 Bxf6 24. Qg6+ Kf8 25. Bxf7 Qxf7 26. Rxf6 Ke8 27.
Rxf7 Rxf7 28. Qxd6 Rc7 29. Qxc7 e4 30. Re1 1-0

[Event "Ì13Ï "]
[Site "Loo"]
[Date "2017.04.20"]
[Round "1.21"]
[White "Ôðîëîâ, Àðòåì."]
[Black "Ãåðàñèìîâ, Âàäèì."]
[Result "0-1"]
[WhiteElo "1446"]
[BlackElo "1717"]
[PlyCount "86"]
[EventDate "2017.04.20"]

1. e4 c5 2. Nf3 d6 3. c3 Nf6 4. Bd3 g6 5. Bc2 Bg7 6. O-O O-O 7. h3 Nc6 8. Re1
d5 9. e5 Ne8 10. d4 cxd4 11. cxd4 Nc7 12. Nbd2 Ne6 13. Nb3 Qb6 14. a3 Bd7 15.
Bd2 a5 16. Bc3 Bh6 17. g3 Rfc8 18. Qd3 Nb8 19. Rad1 Bb5 20. Qd2 Bxd2 21. Rxd2
Bc4 22. Nc1 Qd8 23. Nh4 Ng7 24. f4 e6 25. Nf3 Nh5 26. Kg2 b5 27. Rf2 Na6 28. g4
Ng7 29. Kg3 b4 30. Bd2 Bb5 31. Bb1 Ra7 32. Nh4 Bd7 33. Nf3 Rb7 34. Ne2 bxa3 35.
bxa3 Rb3 36. h4 h5 37. gxh5 Nxh5+ 38. Kh3 Rcb8 39. Bc2 Rb2 40. Bd3 Bb5 41. Bxb5
R8xb5 42. Ng3 Nxf4+ 43. Bxf4 Rxf2 {äàëåå çàïèñü íåðàçáîð~~èâà} 0-1

[Event "Ì13Ï "]
[Site "Loo"]
[Date "2017.04.20"]
[Round "1.22"]
[White "Ìàêèíÿí, Ðóáåí."]
[Black "Âàëèóëëèí, Ðàôàýëü."]
[Result "1-0"]
[WhiteElo "1713"]
[BlackElo "1444"]
[PlyCount "113"]
[EventDate "2017.04.20"]

1. e4 d6 2. d4 Nf6 3. Nc3 g6 4. Nf3 Bg7 5. Be2 Nbd7 6. O-O O-O 7. h3 c6 8. Be3
Qc7 9. Qd2 Re8 10. Rad1 a6 11. Rfe1 c5 12. a4 b6 13. Bh6 Bh8 14. d5 Rd8 15. Bc4
Ne8 16. Bf4 Bb7 17. Re2 Ne5 18. Nxe5 dxe5 19. Bg3 Nd6 20. Qd3 Bg7 21. Rf1 Qd7
22. f4 exf4 23. Bxf4 Bd4+ 24. Kh1 Bxc3 25. Qxc3 Qxa4 26. Bxd6 exd6 27. Ref2 Rf8
28. b3 Qd7 29. Qf6 Rae8 30. Rf4 a5 31. Bd3 Re5 32. g4 h5 33. Kg2 Bc8 34. R1f3
Qc7 35. gxh5 Rxh5 36. Rg3 Rh6 37. Qg5 Kg7 38. Rf6 Rfh8 39. Qf4 Bxh3+ 40. Kf2
Rd8 41. Rf3 Rf8 42. Rxd6 Bc8 43. Rxg6+ Rxg6 44. Qxc7 Bg4 45. Rf4 Bh3 46. Bf1
Bc8 47. d6 Be6 48. d7 Rh8 49. d8=Q Rh2+ 50. Kf3 Rxc2 51. Qe5+ f6 52. Qe7+ Bf7
53. Q5xf6+ Rxf6 54. Qxf6+ Kh7 55. Rh4+ Bh5+ 56. Rxh5+ Kg8 57. Rh8# 1-0

[Event "Ì13Ï "]
[Site "Loo"]
[Date "2017.04.20"]
[Round "1.23"]
[White "Äåìåõèí, Ìàêñèì."]
[Black "Ðÿáîâ, Ãåîðãèé."]
[Result "0-1"]
[WhiteElo "1442"]
[BlackElo "1700"]
[PlyCount "110"]
[EventDate "2017.04.20"]

1. d4 Nf6 2. c4 c5 3. d5 b5 4. cxb5 a6 5. bxa6 g6 6. Nc3 Bxa6 7. e4 Bxf1 8.
Kxf1 d6 9. Nf3 Bg7 10. g3 O-O 11. Kg2 Nbd7 12. Qe2 Ne8 13. Nd2 Nc7 14. Nc4 Ra7
15. Bd2 Qa8 16. a3 Rb8 17. Bg5 Kf8 18. Rhb1 Ne5 19. Nxe5 Bxe5 20. Bd2 Rab7 21.
Bc1 Nb5 22. Nxb5 Rxb5 23. Ra2 Qa4 24. b4 Ra8 25. f4 Bd4 26. Qd3 Bg7 27. Bd2
cxb4 28. Rxb4 Rxb4 29. Bxb4 Rb8 30. Qc2 Qa7 31. Qd2 Ke8 32. Bc3 Bxc3 33. Qxc3
f6 34. a4 Qa6 35. Qc6+ Qxc6 36. dxc6 Kd8 37. a5 Kc7 38. a6 Kxc6 39. e5 dxe5 40.
fxe5 f5 41. Kf3 Ra8 42. Kf4 h6 43. Ke3 e6 44. Kd4 g5 45. h4 g4 46. a7 Kb6 47.
Kc4 Rxa7 48. Rxa7 Kxa7 49. Kd4 Kb7 50. Ke3 Kc6 51. Kf4 Kd5 52. h5 Kc4 53. Ke3
Kc5 54. Kf4 Kd5 55. Ke3 Kxe5 0-1

[Event "Ì13Ï "]
[Site "Loo"]
[Date "2017.04.20"]
[Round "1.24"]
[White "Ðîìàíîâ, Ìàêñèì."]
[Black "Õàñàíîâ, Óðàë."]
[Result "0-1"]
[WhiteElo "1700"]
[BlackElo "1431"]
[PlyCount "62"]
[EventDate "2017.04.20"]

1. e4 e5 2. Nf3 Nc6 3. d4 exd4 4. Bc4 Nf6 5. O-O Nxe4 6. Re1 d5 7. Bxd5 Qxd5 8.
Nc3 Qa5 9. Nxe4 Be6 10. Neg5 O-O-O 11. Nxe6 fxe6 12. Rxe6 Bd6 13. Qe2 Rdf8 14.
b3 Qc3 15. Rb1 Nb4 16. Rxd6 cxd6 17. Bb2 Qc7 18. Nxd4 Re8 19. Qd2 Qb6 20. Nf5
Kd7 21. Bd4 Qb5 22. Nxg7 Re2 23. Qf4 Nxc2 24. a4 Qxb3 25. Bb2 Qxb2 26. Qg4+ Kd8
27. Rf1 Qe5 28. Qh4+ Qe7 29. Qc4 Rf8 30. Nh5 Qe4 31. Qb5 Rf5 0-1

[Event "Ì13Ï "]
[Site "Loo"]
[Date "2017.04.20"]
[Round "1.25"]
[White "Åâñòàôüåâ, Ãåîðãèé."]
[Black "Ñîáàøíèêîâ, Èâàí."]
[Result "0-1"]
[WhiteElo "1427"]
[BlackElo "1695"]
[PlyCount "54"]
[EventDate "2017.04.20"]

1. e4 e6 2. d4 d5 3. Nc3 Bb4 4. e5 c5 5. a3 Bxc3+ 6. bxc3 Ne7 7. Qg4 Qc7 8.
Qxg7 Rg8 9. Qxh7 cxd4 10. Qd3 dxc3 11. f4 Nbc6 12. Ne2 d4 13. Ng3 b6 14. Ne4
Nd5 15. Nd6+ Kd8 16. Qh7 Rf8 17. Qh6 Qe7 18. g4 f6 19. Nc4 b5 20. Nd6 fxe5 21.
fxe5 Nxe5 22. Bg5 Nf3+ 23. Kd1 Nxg5 24. Nxb5 Ne3+ 25. Ke2 Ba6 26. Ke1 Nf3+ 27.
Kf2 Nxg4+ 0-1

[Event "Ì13Ï "]
[Site "Loo"]
[Date "2017.04.20"]
[Round "1.26"]
[White "Àðáóçîâ, Òèìîôåé."]
[Black "Ïóãèí, Ñòåïàí."]
[Result "1-0"]
[WhiteElo "1694"]
[BlackElo "1425"]
[PlyCount "79"]
[EventDate "2017.04.20"]

1. e4 d5 2. exd5 Qxd5 3. Nc3 Qa5 4. d4 Nf6 5. Nf3 Bg4 6. h3 Bh5 7. g4 Bg6 8. b4
Qxb4 9. Bd2 Qb6 10. Rb1 Qe6+ 11. Ne5 Qc8 12. Bg2 c6 13. O-O e6 14. f4 Bd6 15.
Qf3 O-O 16. f5 exf5 17. gxf5 Bh5 18. Qg3 Nbd7 19. Bh6 Ne8 20. Ne4 Bxe5 21. dxe5
Kh8 22. Nd6 gxh6 23. Nxc8 Rxc8 24. Qh4 Be2 25. Rfe1 Ba6 26. Qd4 Nb6 27. e6+ f6
28. e7 Rg8 29. Kh1 Nd5 30. Bxd5 cxd5 31. Rg1 Rxg1+ 32. Rxg1 Bc4 33. Qg4 d4 34.
Qxd4 Bxa2 35. Qd8 Bd5+ 36. Qxd5 Ng7 37. Qf7 Rg8 38. Qxg7+ Rxg7 39. e8=Q+ Rg8
40. Qxg8# 1-0

[Event "Ì13Ï "]
[Site "Loo"]
[Date "2017.04.20"]
[Round "1.27"]
[White "Äåíèñîâ, Ìèõàèë."]
[Black "Äðó÷åíêî, Ìèõàèë."]
[Result "0-1"]
[WhiteElo "1423"]
[BlackElo "1692"]
[PlyCount "58"]
[EventDate "2017.04.20"]

1. e4 e5 2. Nf3 Nc6 3. d4 exd4 4. Nxd4 Nf6 5. Nxc6 bxc6 6. e5 Qe7 7. Qe2 Nd5 8.
c4 Ba6 9. b3 g5 10. g3 Bg7 11. Bb2 O-O-O 12. Qe4 Nf6 13. Qe3 Ng4 14. Qxa7 Bb7
15. Qa3 c5 16. Rg1 Nxe5 17. Kd1 d5 18. Nd2 dxc4 19. Bg2 Qd6 20. Bc1 c3 21. Qa7
Bxg2 22. Rxg2 cxd2 23. Bb2 Rhe8 24. f4 Nc6 25. Qa6+ Kb8 26. Rg1 Bxb2 27. Rb1
Bd4 28. Rg2 Re1+ 29. Kc2 Nb4+ 0-1

[Event "Ì13Ï "]
[Site "Loo"]
[Date "2017.04.20"]
[Round "1.28"]
[White "Òàòàðèíöåâ, Ìèõàèë."]
[Black "Ðûáèí, Ýäóàðä."]
[Result "0-1"]
[WhiteElo "1690"]
[BlackElo "1422"]
[PlyCount "64"]
[EventDate "2017.04.20"]

1. e4 c5 2. Nc3 Nc6 3. f4 e6 4. Nf3 d5 5. d3 Nf6 6. Bd2 Be7 7. h3 Qc7 8. g4 h6
9. Bg2 a6 10. a4 Bd7 11. e5 Nh7 12. h4 O-O-O 13. g5 Rdg8 14. Kf2 Qb6 15. a5 Qc7
16. Qe1 Nb4 17. Qd1 Nc6 18. Ne2 Nf8 19. b3 f6 20. exf6 gxf6 21. Qc1 hxg5 22.
fxg5 Nh7 23. c4 d4 24. Ng3 fxg5 25. hxg5 Nb4 26. Bxb4 cxb4 27. Ne4 Kb8 28. Rh6
Bc6 29. Nxd4 Nxg5 30. Nxc6+ bxc6 31. Rxh8 Nxe4+ 32. Bxe4 Rxh8 {
äàëåå çàïèñü íåðàçáîð~~èâà} 0-1

[Event "Ì13Ï "]
[Site "Loo"]
[Date "2017.04.20"]
[Round "1.29"]
[White "Øòóðìèí, Åãîð."]
[Black "Áàøåâ, Ôåäîð."]
[Result "0-1"]
[WhiteElo "1419"]
[BlackElo "1679"]
[PlyCount "92"]
[EventDate "2017.04.20"]

1. e4 d6 2. Nf3 g6 3. d4 Bg7 4. Bc4 Nf6 5. Nc3 O-O 6. O-O Nc6 7. Be3 Bg4 8. h3
Bxf3 9. Qxf3 e5 10. dxe5 Nxe5 11. Qe2 Nxc4 12. Qxc4 Re8 13. Bg5 c6 14. Rfe1 Re6
15. Rad1 Qe8 16. Bxf6 Bxf6 17. f3 d5 18. Qb4 Bxc3 19. bxc3 b6 20. Qd4 Rd8 21.
Qd2 Qf8 22. c4 d4 23. Qd3 Qc5 24. Kh1 Qe5 25. Kg1 c5 26. Kh1 Qc7 27. Qb3 Qc6
28. Qb5 Qxb5 29. cxb5 c4 30. Kg1 Re5 31. a4 a6 32. bxa6 Ra5 33. Rb1 Rxa6 34.
Rb4 d3 35. Rxc4 dxc2 36. Rxc2 Rxa4 37. Rb1 Rb8 38. Rcb2 Ra6 39. Rb5 Kf8 40. Kf2
Ke7 41. Ke3 Kd6 42. Kd4 Ra4+ 43. R1b4 Rxb4+ 44. Rxb4 b5 45. g3 Kc6 46. Rb1 Ra8
{äàëåå çàïèñü íåðàçáî~~èâà} 0-1

[Event "Ì13Ï "]
[Site "Loo"]
[Date "2017.04.20"]
[Round "1.30"]
[White "Îãîðîäíèêîâ, Íèêîëàé."]
[Black "Ìàòóùàê, Íèêèòà."]
[Result "1/2-1/2"]
[WhiteElo "1672"]
[BlackElo "1406"]
[PlyCount "146"]
[EventDate "2017.04.20"]

1. e4 c6 2. c4 d5 3. cxd5 cxd5 4. exd5 Nf6 5. d4 Nxd5 6. Bc4 Nf6 7. Nc3 Bg4 8.
Qb3 e6 9. Qxb7 Nbd7 10. f3 Bh5 11. Nge2 Be7 12. O-O O-O 13. Qb3 Rb8 14. Qc2 Bg6
15. Bd3 Bxd3 16. Qxd3 Ne5 17. Qc2 Nc6 18. Rd1 Nb4 19. Qd2 Nbd5 20. Qe1 Qd7 21.
b3 Rbc8 22. a3 Bd6 23. Bd2 Nxc3 24. Nxc3 Qc7 25. Qh4 Qb6 26. b4 Rfd8 27. Na4
Qb5 28. Nc5 Bf8 29. Bg5 Rd5 30. Rd2 Ne8 31. Be7 Nd6 32. Bxf8 Rxf8 33. Qe7 Nc4
34. Rd3 a5 35. Rb1 Rb8 36. a4 Qc6 37. b5 Qc8 38. Qa7 Ra8 39. Qb7 Qxb7 40. Nxb7
Nb6 41. Nc5 Kf8 42. Kf2 Ke7 43. Rc1 Rc8 44. Rcc3 e5 45. Re3 f6 46. f4 Rxd4 47.
fxe5 Nd5 48. exf6+ Kf7 49. Nb3 Nxe3 50. Rxc8 Ng4+ 51. Kg3 Rxa4 52. fxg7 Kxg7
53. b6 Rb4 54. Rc7+ Kg6 55. Nxa5 Ne5 56. b7 Rb5 57. Nc6 Nxc6 58. Rxc6+ Kg5 59.
Rc7 Rb3+ 60. Kf2 h5 61. Ke2 Kf4 62. g3+ Ke4 63. Rc4+ Kd5 64. Rh4 Rxb7 65. Rxh5+
Ke4 66. Rh4+ Kf5 67. Rf4+ Kg5 68. h4+ Kh5 69. Kf3 Rb3+ 70. Kg2 Rc3 71. Kh3 Re3
72. Rf5+ Kg6 73. Kg4 Rxg3+ 1/2-1/2

[Event "Ì13Ï "]
[Site "Loo"]
[Date "2017.04.20"]
[Round "1.31"]
[White "Íèêîëàåâ, Àíäðåé."]
[Black "Íèêîëàåâ, Ìàòâåé."]
[Result "0-1"]
[WhiteElo "1406"]
[BlackElo "1664"]
[PlyCount "50"]
[EventDate "2017.04.20"]

1. d4 Nf6 2. c4 g6 3. Nc3 Bg7 4. e4 d6 5. f3 Nc6 6. Be3 O-O 7. Nge2 Rb8 8. Qd2
a6 9. Bh6 b5 10. Bxg7 Kxg7 11. cxb5 axb5 12. O-O-O b4 13. Nb1 Ba6 14. Qc2 Rb6
15. Nd2 Bxe2 16. Bxe2 Nxd4 17. Qd3 c5 18. Nc4 Ra6 19. Kb1 Qa8 20. a3 bxa3 21.
Nxa3 Rb6 22. Nc4 Rb3 23. Qd2 d5 24. exd5 Nxd5 25. Rc1 Nb4 0-1

[Event "Ì13Ï "]
[Site "Loo"]
[Date "2017.04.20"]
[Round "1.32"]
[White "Ñèäîðîâ, Åãîð."]
[Black "Êîíîòîï, Òèìîôåé."]
[Result "1/2-1/2"]
[WhiteElo "1662"]
[BlackElo "1397"]
[PlyCount "82"]
[EventDate "2017.04.20"]

1. e4 e5 2. Nf3 Nc6 3. Bb5 a6 4. Ba4 Nf6 5. d3 b5 6. Bb3 Be7 7. c3 O-O 8. O-O
d6 9. Re1 Bg4 10. Nbd2 Qb8 11. h3 Bh5 12. Nf1 Bg6 13. Ne3 Bh5 14. Nd5 b4 15.
cxb4 Nxd5 16. Bxd5 Nd4 17. Bxa8 Nxf3+ 18. gxf3 Qxa8 19. Kh2 f5 20. Rg1 fxe4 21.
dxe4 Qc8 22. Bh6 Rf7 23. Rg3 Bh4 24. Qg1 Bxg3+ 25. Qxg3 Kh8 26. Be3 Rxf3 27.
Qh4 Bg6 28. Rg1 Bxe4 29. Rg3 Rxg3 30. Kxg3 Bd5 31. a3 Qf8 32. Qg4 Bb7 33. Bg5
Qf7 34. h4 Qd5 35. f3 Qd1 36. Qf5 Qg1+ 37. Kh3 Qh1+ 38. Kg3 Qg1+ 39. Kh3 Qh1+
40. Kg3 Qg1+ 41. Kh3 Qh1+ 1/2-1/2

[Event "Ì13Ï "]
[Site "Loo"]
[Date "2017.04.20"]
[Round "1.33"]
[White "Þäèí, Äàíèë."]
[Black "Âàñèëü÷åíêî, Âàäèì."]
[Result "0-1"]
[WhiteElo "1374"]
[BlackElo "1654"]
[PlyCount "50"]
[EventDate "2017.04.20"]

1. e4 c5 2. c3 Nf6 3. e5 Nd5 4. d4 cxd4 5. cxd4 Nc6 6. Nf3 e6 7. a3 d6 8. exd6
Bxd6 9. Be2 Bd7 10. b4 Rc8 11. Bb2 a5 12. b5 Nce7 13. Qb3 Qc7 14. Nbd2 a4 15.
Qxa4 Nc3 16. Qb3 Nxe2 17. Kxe2 Qc2 18. Qxc2 Rxc2 19. Kd1 Rxb2 20. Nc4 Rxf2 21.
Nxd6+ Kf8 22. Ne5 Be8 23. Rg1 Rf4 24. Nf3 Nf5 25. Nxf5 Rxf5 {
äàëåå çàïèñü íåðàçáîð~~èâà} 0-1

[Event "Ì13Ï "]
[Site "Loo"]
[Date "2017.04.20"]
[Round "1.34"]
[White "Âîëêîâ, Âëàäèñëàâ."]
[Black "Ïåòðîâ, Ìàêñèì."]
[Result "0-1"]
[WhiteElo "1649"]
[BlackElo "1359"]
[PlyCount "92"]
[EventDate "2017.04.20"]

1. c4 e5 2. Nc3 Nf6 3. Nf3 Nc6 4. g3 d5 5. cxd5 Nxd5 6. Bg2 Nb6 7. O-O Bd6 8.
d3 O-O 9. Be3 Re8 10. Ng5 Be7 11. Nge4 Nd4 12. Nd2 c6 13. Nb3 Be6 14. Bxd4 exd4
15. Ne4 Nd5 16. Nxd4 Qb6 17. Nxe6 fxe6 18. Qc2 Bf6 19. Rab1 Qc7 20. Bh3 e5 21.
Qb3 Kh8 22. Rbc1 a5 23. Nd2 a4 24. Qxd5 e4 25. Qd7 Qb6 26. Nc4 Qb4 27. Qd6 Qb5
28. Qf4 Bg5 29. Qc7 Bxc1 30. Nd6 Qxb2 31. Nxe8 Rxe8 32. Qf7 Rd8 33. Qe7 Ra8 34.
Qxe4 Bd2 35. Qe6 Bg5 36. f4 Bf6 37. g4 Rf8 38. g5 Bd8 39. Kh1 Qb4 40. e4 Qd4
41. Rf3 Bb6 42. Rg3 Qa1+ 43. Kg2 Qg1+ 44. Kf3 Qf2+ 45. Kg4 Qxf4+ 46. Kh5 g6+
0-1

[Event "Ì13Ï "]
[Site "Loo"]
[Date "2017.04.20"]
[Round "1.35"]
[White "Ëèëÿê, Àðñåíèé."]
[Black "Êèðþøèí, Èâàí."]
[Result "0-1"]
[WhiteElo "1349"]
[BlackElo "1640"]
[PlyCount "106"]
[EventDate "2017.04.20"]

1. e4 e5 2. Nf3 Nc6 3. Bc4 Nf6 4. d3 Bc5 5. Nc3 d6 6. Bg5 a6 7. Nd5 h6 8. Nxf6+
gxf6 9. Be3 Ba7 10. Bxa7 Nxa7 11. a3 Qe7 12. h3 h5 13. Qd2 Be6 14. Bxe6 fxe6
15. O-O-O O-O-O 16. g4 Nc6 17. g5 Nd4 18. Nxd4 exd4 19. gxf6 Qxf6 20. Rdf1 Qf3
21. Qg5 Rhg8 22. Qe7 Rde8 23. Qh4 Ref8 24. Qe7 e5 25. Kb1 Qf6 26. Qxf6 Rxf6 27.
Rhg1 Rgf8 28. Rg5 h4 29. Rg4 Rf4 30. Rg2 Rf3 31. Rh2 Kd7 32. Kc1 d5 33. Kd2
dxe4 34. dxe4 R3f4 35. Kd3 c5 36. b4 c4+ 37. Kxc4 Rxe4 38. f3 Ref4 39. Rhf2 Kd6
40. Kd3 Rc8 41. Kd2 Rc3 42. a4 b5 43. a5 Kd5 44. Ke1 Re3+ 45. Kd2 Kc4 46. Re2
Rxe2+ 47. Kxe2 Kxb4 48. Ra1 Kc3 49. Ra2 Rf6 50. Kd1 Rg6 51. Ke2 Rg2+ 52. Kd1
Rd2+ 53. Kc1 Rh2 0-1

[Event "Ì13Ï "]
[Site "Loo"]
[Date "2017.04.20"]
[Round "1.36"]
[White "Æèðÿêîâ, Ñòàíèñëàâ."]
[Black "Òàòàðöåâ, Àëåêñàíäð."]
[Result "0-1"]
[WhiteElo "1639"]
[BlackElo "1346"]
[PlyCount "114"]
[EventDate "2017.04.20"]

1. d4 Nf6 2. c4 g6 3. Nc3 Bg7 4. e4 d6 5. Nf3 Nbd7 6. Bd2 O-O 7. Qc1 Re8 8. Bd3
c6 9. O-O e5 10. Bh6 Qc7 11. Bxg7 Kxg7 12. b3 h6 13. Bc2 Nh7 14. d5 Nb6 15. Qb2
f5 16. exf5 gxf5 17. Nh4 Rf8 18. f4 cxd5 19. cxd5 Qc5+ 20. Kh1 Nxd5 21. Nxd5
Qxd5 22. fxe5 Qxe5 23. Qxe5+ dxe5 24. Nxf5+ Bxf5 25. Bxf5 Rad8 26. Rac1 Kh8 27.
h4 Nf6 28. Rc7 Nd5 29. Rh7+ Kg8 30. Rxb7 Nf4 31. Be4 a6 32. Rc1 Rf7 33. Rb6 Ne2
34. Rc4 Ng3+ 35. Kh2 Nf1+ 36. Kh3 Rg7 37. Rg6 Nd2 38. Rxg7+ Kxg7 39. Rc7+ Kf8
40. Bg6 e4 41. Rf7+ Kg8 42. Re7 Rd4 43. Kg3 Kf8 44. Re5 Kg7 45. h5 Kf6 46. Rf5+
Ke6 47. Kf2 Rd3 48. Ke2 Nb1 49. Ra5 Nc3+ 50. Kf2 e3+ 51. Kg1 Rd1+ 52. Kh2 e2
53. Rxa6+ Ke5 54. Ra5+ Kd4 55. Ra8 e1=Q 56. Rd8+ Kc5 57. Rc8+ Kb6 0-1

[Event "Ì13Ï "]
[Site "Loo"]
[Date "2017.04.20"]
[Round "1.37"]
[White "Ýêèìîâ, Ïàâåë."]
[Black "Ìåëüíèêîâ, Âÿ÷åñëàâ."]
[Result "1-0"]
[WhiteElo "1346"]
[BlackElo "1637"]
[PlyCount "101"]
[EventDate "2017.04.20"]

1. d4 Nf6 2. Bg5 Ne4 3. Bf4 d5 4. e3 Bf5 5. Bd3 e6 6. Nf3 Be7 7. h3 O-O 8. g4
Bg6 9. Ne5 Bh4 10. Rh2 Nd7 11. Nxd7 Qxd7 12. Bxe4 dxe4 13. g5 Qb5 14. b3 Bxg5
15. Bxc7 Rac8 16. Bd6 Rfd8 17. Bg3 Bf6 18. c4 Qg5 19. Qd2 Qh5 20. Nc3 a6 21.
Na4 b5 22. Nb2 Bf5 23. h4 Bg4 24. Qb4 Rd7 25. a4 Be7 26. c5 Rb7 27. Nc4 Qd5 28.
Na5 Ra7 29. axb5 axb5 30. Qxb5 h5 31. b4 Bd8 32. Rh1 Bxa5 33. bxa5 Bf3 34. Rg1
Rb7 35. Qa4 Rb2 36. a6 Be2 37. a7 Ra8 38. Bb8 Bb5 39. Qa5 Re2+ 40. Kf1 Ra2+ 41.
Qxb5 Rxa1+ 42. Kg2 Rxg1+ 43. Kxg1 Qf5 44. Qb7 e5 45. Bxe5 Rxa7 46. Qxa7 Qg4+
47. Bg3 Qe6 48. Qb6 Qd5 49. c6 Qe6 50. Qd8+ Kh7 51. c7 1-0